Java TM2: the complete reference 5th edition (Record no. 823626)

MARC details
000 -LEADER
fixed length control field 00625nam a2200229Ia 4500
008 - FIXED-LENGTH DATA ELEMENTS--GENERAL INFORMATION
fixed length control field 101110s9999 xx 000 0 und d
041 ## - LANGUAGE CODE
Language code of text/sound track or separate title ENGLISH
082 ## - DEWEY DECIMAL CLASSIFICATION NUMBER
Item number SR31123
100 ## - MAIN ENTRY--PERSONAL NAME
Personal name Schildt Herbert
245 ## - TITLE STATEMENT
Title Java TM2: the complete reference 5th edition
260 ## - PUBLICATION, DISTRIBUTION, ETC. (IMPRINT)
Date of publication, distribution, etc 2008
Name of publisher, distributor, etc Tata McGraw hill Publication, New delhi
300 ## - PHYSICAL DESCRIPTION
Extent 1154
365 ## - TRADE PRICE
Price amount 465
520 ## - SUMMARY, ETC.
Summary, etc BSc Computer
520 ## - SUMMARY, ETC.
Summary, etc Computer
546 ## - LANGUAGE NOTE
Language note ENGLISH
630 ## - SUBJECT ADDED ENTRY--UNIFORM TITLE
Uniform title Java TM2: the complete reference 5th edition
650 ## - SUBJECT ADDED ENTRY--TOPICAL TERM
Topical term or geographic name as entry element Computer
655 ## - INDEX TERM--GENRE/FORM
Genre/form data or focus term Computer
730 ## - ADDED ENTRY--UNIFORM TITLE
Uniform title Java TM2: the complete reference 5th edition
942 ## - ADDED ENTRY ELEMENTS (KOHA)
Koha item type Book
Holdings
Withdrawn status Lost status Damaged status Not for loan Home library Current library Shelving location Date acquired Source of acquisition Cost, normal purchase price Shelving control number Total Checkouts Barcode Date last seen Price effective from Koha item type
        D. B. J. College, Chiplun D. B. J. College, Chiplun   11/11/2010 Yogesh Prakashan, bill no.43182,dt.3/10/2008 465.00     DBJSR31123 11/11/2010 11/11/2010 Book